000 00430cam a2200157ua 4500
003 OSt
008 250602b |||||||| |||| 00| 0 eng d
041 _aeng
082 _a624.171
_bLEE/FU
100 _aLeet, Kenneth M .
_97522
245 _aFundamentals of structural analysis /
260 _aNew Delhi :
_bTata Mc-Graw Hill Publishing Company ,
_c2003.
300 _a734 ; .
700 1 _aUang, Chia-Ming.
_97523
942 _cBK
999 _c11291
_d11291